<?xml version="1.0" encoding="UTF-8"?>
<record
    xmlns:xsi="http://www.w3.org/2001/XMLSchema-instance"
    xsi:schemaLocation="http://www.loc.gov/MARC21/slim http://www.loc.gov/standards/marcxml/schema/MARC21slim.xsd"
    xmlns="http://www.loc.gov/MARC21/slim">

  <leader>02363nam a2200217Ia 4500</leader>
  <controlfield tag="003">OSt</controlfield>
  <controlfield tag="005">20250715104123.0</controlfield>
  <controlfield tag="008">210210b1995   xxu||||| |||| 00| 0 eng d</controlfield>
  <datafield tag="040" ind1=" " ind2=" ">
    <subfield code="c">AL</subfield>
  </datafield>
  <datafield tag="041" ind1=" " ind2=" ">
    <subfield code="a">Kannada</subfield>
  </datafield>
  <datafield tag="082" ind1=" " ind2=" ">
    <subfield code="a">K894.109 RAGH</subfield>
  </datafield>
  <datafield tag="100" ind1=" " ind2=" ">
    <subfield code="a">Raghavendra Rao (H S)</subfield>
    <subfield code="d">&#xCB0;&#xCBE;&#xC98;&#xCB5;&#xCC7;&#xC82;&#xCA6;&#xCCD;&#xCB0; &#xCB0;&#xCBE;&#xCB5;&#xCCD; (&#xC8E;&#xC9A;&#xCCD; &#xC8E;&#xCB8;&#xCCD;)</subfield>
    <subfield code="9">203435</subfield>
  </datafield>
  <datafield tag="245" ind1=" " ind2=" ">
    <subfield code="a">Hade Hadiya Torisu</subfield>
    <subfield code="b">&#xCB9;&#xCBE;&#xCA1;&#xCC6; &#xCB9;&#xCBE;&#xCA6;&#xCBF;&#xCAF; &#xCA4;&#xCCB;&#xCB0;&#xCBF;&#xCA4;&#xCC1;</subfield>
  </datafield>
  <datafield tag="260" ind1=" " ind2=" ">
    <subfield code="a">Bengaluru</subfield>
    <subfield code="b">Kannada Sangha Kraist Kalej</subfield>
    <subfield code="c">1995</subfield>
  </datafield>
  <datafield tag="300" ind1=" " ind2=" ">
    <subfield code="a">xii,524</subfield>
  </datafield>
  <datafield tag="520" ind1=" " ind2=" ">
    <subfield code="a">&#xC96;&#xCCD;&#xCAF;&#xCBE;&#xCA4; &#xCB5;&#xCBF;&#xCAE;&#xCB0;&#xCCD;&#xCB6;&#xC95; &#xCA1;&#xCBE;. &#xC8E;&#xC9A;&#xCCD;.&#xC8E;&#xCB8;&#xCCD;. &#xCB0;&#xCBE;&#xC98;&#xCB5;&#xCC7;&#xC82;&#xCA6;&#xCCD;&#xCB0;&#xCB0;&#xCBE;&#xCB5;&#xCCD; &#xC85;&#xCB5;&#xCB0; &#xC95;&#xCC3;&#xCA4;&#xCBF;-&#xCB9;&#xCBE;&#xCA1;&#xCC6; &#xCB9;&#xCBE;&#xCA6;&#xCBF;&#xCAF; &#xCA4;&#xCCB;&#xCB0;&#xCBF;&#xCA4;&#xCC1;. &#xC95;&#xCA8;&#xCCD;&#xCA8;&#xCA1; &#xCB8;&#xCBE;&#xCB9;&#xCBF;&#xCA4;&#xCCD;&#xCAF;&#xCA6; &#xCA6;&#xCBF;&#xC97;&#xCCD;&#xC97;&#xC9C;&#xCB0;&#xCBE;&#xCA6; &#xC95;&#xCC1;&#xCB5;&#xCC6;&#xC82;&#xCAA;&#xCC1;, &#xCAC;&#xCC7;&#xC82;&#xCA6;&#xCCD;&#xCB0;&#xCC6; &#xCB9;&#xCBE;&#xC97;&#xCC2; &#xCAA;&#xCC1;&#xCA4;&#xCBF;&#xCA8; &#xC85;&#xCB5;&#xCB0; &#xC95;&#xCB5;&#xCBF;&#xCA4;&#xCC6;&#xC97;&#xCB3;&#xCB2;&#xCCD;&#xCB2;&#xCBF;&#xCAF; &#xCB5;&#xCC8;&#xCB6;&#xCBF;&#xCB7;&#xCCD;&#xC9F;&#xCCD;&#xCAF;&#xC97;&#xCB3;&#xCA8;&#xCCD;&#xCA8;&#xCC1; &#xC97;&#xCC1;&#xCB0;&#xCC1;&#xCA4;&#xCBF;&#xCB8;&#xCBF;, &#xCA4;&#xCAE;&#xCCD;&#xCAE;&#xCA6;&#xCC7; &#xCA6;&#xCC3;&#xCB7;&#xCCD;&#xC9F;&#xCBF;&#xC95;&#xCCB;&#xCA8;&#xCA6;&#xCCA;&#xC82;&#xCA6;&#xCBF;&#xC97;&#xCC6; &#xCB5;&#xCBF;&#xCB6;&#xCCD;&#xCB2;&#xCC7;&#xCB7;&#xCBF;&#xCB8;&#xCBF;&#xCA6; &#xCAC;&#xCB0;&#xCB9;&#xC97;&#xCB3;&#xCA8;&#xCCD;&#xCA8;&#xCC1; &#xC87;&#xCB2;&#xCCD;&#xCB2;&#xCBF; &#xCB8;&#xC82;&#xC95;&#xCB2;&#xCBF;&#xCB8;&#xCB2;&#xCBE;&#xC97;&#xCBF;&#xCA6;&#xCC6;. &#xC85;&#xCA8;&#xC82;&#xCA4; &#xCB6;&#xC95;&#xCCD;&#xCA4;&#xCBF;&#xCAF; &#xCAC;&#xC97;&#xCCD;&#xC97;&#xCC6; &#xC88; &#xCAE;&#xCC2;&#xCB0;&#xCC1; &#xCA6;&#xCBF;&#xC97;&#xCCD;&#xC97;&#xC9C;&#xCB0;&#xCB2;&#xCCD;&#xCB2;&#xCBF; &#xC92;&#xC82;&#xCA6;&#xCC7; &#xCAD;&#xCBE;&#xCB5;-&#xCB5;&#xCBF;&#xCB6;&#xCCD;&#xCB5;&#xCBE;&#xCB8; &#xC87;&#xCB0;&#xCC1;&#xCB5;&#xCC1;&#xCA6;&#xCBE;&#xCA6;&#xCB0;&#xCC2;, &#xCAC;&#xCC1;&#xCB9;&#xCC1;&#xCA4;&#xCC7;&#xC95;&#xCB0;&#xCC1; &#xCA8;&#xCBF;&#xCB8;&#xCB0;&#xCCD;&#xC97;-&#xCAA;&#xCCD;&#xCB0;&#xC95;&#xCC3;&#xCA4;&#xCBF;&#xCAF;&#xCB2;&#xCCD;&#xCB2;&#xCBF; &#xCA6;&#xCC7;&#xCB5;&#xCA8; &#xC87;&#xCB0;&#xCC1;&#xCB5;&#xCA8;&#xCCD;&#xCA8;&#xCC1; &#xC95;&#xC82;&#xCA1;&#xCBF;&#xCA6;&#xCCD;&#xCA6;&#xCBE;&#xCB0;&#xCC6;. &#xCAC;&#xCA6;&#xCC1;&#xC95;&#xCBF;&#xCA8; &#xCAC;&#xCB9;&#xCC1;&#xCA4;&#xCC7;&#xC95; &#xCB8;&#xC82;&#xC97;&#xCA4;&#xCBF;&#xC97;&#xCB3;&#xCB2;&#xCCD;&#xCB2;&#xCBF; &#xCA4;&#xCAE;&#xCCD;&#xCAE; &#xCB5;&#xCC8;&#xCB5;&#xCBF;&#xCA7;&#xCCD;&#xCAF;&#xCA4;&#xCC6;&#xCAF;&#xCA8;&#xCCD;&#xCA8;&#xCC1; &#xCAE;&#xCC6;&#xCB0;&#xCC6;&#xCA6;&#xCBF;&#xCA6;&#xCCD;&#xCA6;&#xCBE;&#xCB0;&#xCC6;. &#xC86;&#xCA6;&#xCB0;&#xCC6;, &#xC88; &#xCAE;&#xCC2;&#xCB5;&#xCB0;&#xCC1; &#xCAC;&#xCA6;&#xCC1;&#xC95;&#xCBF;&#xCA8; &#xCAA;&#xCCD;&#xCB0;&#xCC0;&#xCA4;&#xCBF;&#xC97;&#xCC6; &#xC92;&#xC82;&#xCA6;&#xCB2;&#xCCD;&#xCB2; &#xC92;&#xC82;&#xCA6;&#xCC1; &#xCB0;&#xCC0;&#xCA4;&#xCBF;&#xCAF;&#xCB2;&#xCCD;&#xCB2;&#xCBF; &#xC86;&#xCA6;&#xCCD;&#xCAF;&#xCA4;&#xCC6; &#xCA8;&#xCC0;&#xCA1;&#xCBF;&#xCA6;&#xCB5;&#xCB0;&#xCC7; &#xC86;&#xC97;&#xCBF;&#xCA6;&#xCCD;&#xCA6;&#xCC1;, &#xCAA;&#xCCD;&#xCB0;&#xCA4;&#xCBF;&#xCAA;&#xCBE;&#xCA6;&#xCBF;&#xCB8;&#xCC1;&#xCB5; &#xCB5;&#xCBF;&#xCA7;&#xCBE;&#xCA8; &#xCAC;&#xCC7;&#xCB0;&#xCC6; &#xCAC;&#xC97;&#xCC6;&#xCAF;&#xCA6;&#xCC1;. &#xC86;&#xCA6;&#xCB0;&#xCC6;, &#xC89;&#xCA4;&#xCCD;&#xC95;&#xCC3;&#xCB7;&#xCCD;&#xC9F; &#xCB6;&#xCC8;&#xCB2;&#xCBF;&#xCAF;&#xCA6;&#xCCD;&#xCA6;&#xCC1;. &#xC88; &#xCAE;&#xCC2;&#xCB5;&#xCB0; &#xC95;&#xCB5;&#xCBF;&#xCA4;&#xCC6;&#xC97;&#xCB3;&#xCB2;&#xCCD;&#xCB2;&#xCBF;&#xCAF; &#xCB8;&#xCBE;&#xCAE;&#xCBE;&#xCA8;&#xCCD;&#xCAF; &#xC85;&#xC82;&#xCB6;&#xC97;&#xCB3;&#xCC1;-&#xCB5;&#xCBF;&#xCB6;&#xCBF;&#xCB7;&#xCCD;&#xC9F;&#xCA4;&#xCC6;&#xC97;&#xCB3;&#xCA8;&#xCCD;&#xCA8;&#xCC1; &#xC86;&#xCB3;&#xCB5;&#xCBE;&#xC97;&#xCBF; &#xC86;&#xCA7;&#xCCD;&#xCAF;&#xCAF;&#xCA8; &#xCAE;&#xCBE;&#xCA1;&#xCBF;&#xCA6; &#xC95;&#xCC3;&#xCA4;&#xCBF; &#xC87;&#xCA6;&#xCC1;.</subfield>
  </datafield>
  <datafield tag="650" ind1=" " ind2=" ">
    <subfield code="a">Bendre Kuvempu Putina</subfield>
    <subfield code="9">203436</subfield>
  </datafield>
  <datafield tag="690" ind1=" " ind2=" ">
    <subfield code="a">Kannada Poetry Criticism</subfield>
    <subfield code="9">203437</subfield>
  </datafield>
  <datafield tag="906" ind1=" " ind2=" ">
    <subfield code="a">051522</subfield>
  </datafield>
  <datafield tag="942" ind1=" " ind2=" ">
    <subfield code="2">ddc</subfield>
    <subfield code="c">BK</subfield>
  </datafield>
  <datafield tag="999" ind1=" " ind2=" ">
    <subfield code="c">100051</subfield>
    <subfield code="d">100051</subfield>
  </datafield>
  <datafield tag="952" ind1=" " ind2=" ">
    <subfield code="0">0</subfield>
    <subfield code="1">0</subfield>
    <subfield code="2">ddc</subfield>
    <subfield code="4">0</subfield>
    <subfield code="7">0</subfield>
    <subfield code="8">KAN</subfield>
    <subfield code="a">AL</subfield>
    <subfield code="b">AL</subfield>
    <subfield code="d">2021-02-17</subfield>
    <subfield code="g">48.00</subfield>
    <subfield code="l">1</subfield>
    <subfield code="o">K894.109 RAGH</subfield>
    <subfield code="p">051522</subfield>
    <subfield code="q">2026-07-24</subfield>
    <subfield code="r">2026-06-24 13:31:47</subfield>
    <subfield code="s">2026-06-24</subfield>
    <subfield code="w">2021-02-17</subfield>
    <subfield code="y">BK</subfield>
  </datafield>
</record>
